|
|
|
|
| LEADER |
00724nab a2200193 i 4500 |
| 001 |
acta22012 |
| 005 |
20210526133752.0 |
| 008 |
161015s1984 hu o 0|| eng d |
| 022 |
|
|
|a 0563-0592
|
| 040 |
|
|
|a SZTE Egyetemi Kiadványok Repozitórium
|b hun
|
| 041 |
|
|
|a eng
|
| 100 |
1 |
|
|a Maróti Imre
|
| 245 |
1 |
0 |
|a Effect of identical and alternating light-dark periods on the growth, dry-matter accumulation and carbonhydrate content of maize leaves
|h [elektronikus dokumentum] /
|c Maróti Imre
|
| 260 |
|
|
|c 1984
|
| 300 |
|
|
|a 51-59
|
| 490 |
0 |
|
|a Acta biologica
|v 30 No. 1-4
|
| 695 |
|
|
|a Természettudomány
|
| 700 |
0 |
1 |
|a Margóczi Katalin
|e aut
|
| 856 |
4 |
0 |
|u http://acta.bibl.u-szeged.hu/22012/1/biologica_030_051-059.pdf
|z Dokumentum-elérés
|